000 00724nam a22002057a 4500
005 20140603130648.0
010 _aB-505512-517
020 _a9789380618180
_c3995.00
035 _aB-505512-517
037 _adpl
_bBSB/Ven
082 _a615.3210954
100 _aSukh Dev
245 _aPrime Ayurvedic Plant Drugs:
_ba modern scientific appraisal/
_cby Sukh Dev
250 _a2nd Edn.
260 _aNew Delhi
_bAne Books
_c2012
270 _a4821, Parwana Bhawan, Ist Floor, 24 Ansari Road, Darya Ganj
_bNew Delhi
_e110002
300 _a783p.:
_bcol.ill.
_c23cm(Hb)
942 _2ddc
_cEN
_h615.3210954
_mSUK
999 _c84784
_d84784